সফটওয়্যার ডেভেলপমেন্ট ইন (Record no. 11968)
[ view plain ]
| 000 -LEADER | |
|---|---|
| fixed length control field | 00817nam a2200241 a 4500 |
| 001 - CONTROL NUMBER | |
| JCCL Control Number | 11968 |
| 003 - CONTROL NUMBER IDENTIFIER | |
| JCCL marc code | BD-JhCC |
| 005 - DATE AND TIME OF LATEST TRANSACTION | |
| control field | 20210228121529.0 |
| 008 - FIXED-LENGTH DATA ELEMENTS--GENERAL INFORMATION | |
| fixed length control field | 210228b20072018bg |||| ||a| 001 0 mul d |
| 020 ## - INTERNATIONAL STANDARD BOOK NUMBER | |
| International Standard Book Number | 98484850909 |
| 035 ## - SYSTEM CONTROL NUMBER | |
| system control number | (BD-JhCC)11968 |
| 040 ## - CATALOGING SOURCE | |
| Original cataloging agency | BD-JhCC |
| Modifying agency | BD-JhCC |
| 041 ## - LANGUAGE CODE | |
| Language code of Book | eng |
| 082 ## - DEWEY DECIMAL CLASSIFICATION NUMBER | |
| Classification number | 001.642 |
| Author mark and Year | ARE 2018 |
| 100 ## - MAIN ENTRY--PERSONAL NAME | |
| Personal name | আরেফিন, আহমেদ শামসুল |
| 245 ## - TITLE STATEMENT | |
| Title | সফটওয়্যার ডেভেলপমেন্ট ইন |
| Statement of responsibility, etc | আরেফিন, আহমেদ শামসুল |
| 260 ## - PUBLICATION, DISTRIBUTION, ETC. (IMPRINT) | |
| Place of publication, distribution, etc | ঢাকা: |
| Name of publisher, distributor, etc | জ্ঞানকোষ প্রকাশনী |
| Date of publication, distribution, etc | ২০১৮. |
| 300 ## - PHYSICAL DESCRIPTION | |
| Pagination | 320 |
| Dimensions | 24 cm. |
| 650 ## - SUBJECT ADDED ENTRY--TOPICAL TERM | |
| Topical term or geographic name as entry element | Computer software -- Development. |
| 650 ## - SUBJECT ADDED ENTRY--TOPICAL TERM | |
| Topical term or geographic name as entry element | Programmation (Informatique) Logiciels. |
| 942 ## - ADDED ENTRY ELEMENTS (KOHA) | |
| Source of classification or shelving scheme | Dewey Decimal Classification |
| Koha item type | Books |
| Source of classification or shelving scheme | Damaged status | Not for loan | Home library | Current library | Shelving location | Date of accession | Cost, normal purchase price | Total Checkouts | Full call number | Barcode | Date last seen | Date checked out | Copy number | Koha item type |
|---|---|---|---|---|---|---|---|---|---|---|---|---|---|---|
| Dewey Decimal Classification | JCC Rouf Library | JCC Rouf Library | General Stacks | 02/28/2021 | 210.00 | 1 | 001.642 ARE 2018 | 16456 | 02/29/2024 | 02/08/2024 | C-1 | Books |